000
00290nam a2200109 4500
008
160624b xxu||||| |||| 00| 0 eng d
100
_9
870
_a
Daintith, J.et al
245
_a
Dictionary of Mathematics
260
_a
Lon
_b
Penquin
_c
1989
300
_a
Dictionary of Mathematics
942
_2
ddc
_c
BK
999
_c
691
_d
691